Private lives and public policies (Record no. 70204)
[ view plain ]
| 000 -LEADER | |
|---|---|
| fixed length control field | 01698nam a2200349 a 4500 |
| 082 04 - DEWEY DECIMAL CLASSIFICATION NUMBER | |
| Classification number | 323.44/8 |
| 245 10 - TITLE STATEMENT | |
| Title | Private lives and public policies |
| 260 ## - PUBLICATION, DISTRIBUTION, ETC. (IMPRINT) | |
| Place of publication | Washington, D.C. : |
| Name of publisher | National Academy Press, |
| Year of publication | 1993. |
| 300 ## - PHYSICAL DESCRIPTION | |
| Number of Pages | xiii, 274 p. |
| 650 #0 - SUBJECT ADDED ENTRY--TOPICAL TERM | |
| Topical Term | Privacy, Right of |
| Topical Term | Public records |
| 700 1# - ADDED ENTRY--PERSONAL NAME | |
| Personal name | Duncan, George T. |
| Personal name | Jabine, Thomas B. |
| Personal name | De Wolf, Virginia A. |
| 856 40 - ELECTRONIC LOCATION AND ACCESS | |
| Uniform Resource Identifier | http://site.ebrary.com/lib/rucke/Doc?id=10056780 |
No items available.
